000 nam a22 7a 4500
999 _c10063
_d10063
008 180210b ||||| |||| 00| 0 eng d
100 _aSharma, N K
_96088
245 _aCCE Question bank in science term (I - ix)
260 _aNew Delhi
_bCarmal Publication